| 000 | 00818nam a2200217 a 4500 | ||
|---|---|---|---|
| 001 | 39137 | ||
| 005 | 20180714012610.0 | ||
| 008 | 140415s1995 mx 000 0 spa d | ||
| 020 | _a9706130535 | ||
| 041 | _aspa | ||
| 082 |
_a658.312 _bKOS |
||
| 100 | 1 | _aKOSSEN, STAN | |
| 245 | 1 | 0 | _aRECURSDOS HUMANOS EN LAS ORGANIZACIONES |
| 250 | _a5ed. | ||
| 260 |
_aMEXICO : _bHARLA, _c1995 |
||
| 300 |
_a534 _cx 17 x 23 |
||
| 520 | _aLA INTENCIÓN FUE DESARROLLAR MATERIAL PARA LOS ESTUDIANTES UNIVERSITARIOS DE RELACIONES HUMANAS/COMPORTAMIENTO ORGANIZACIONAL. EL TEXTO NO DEBERÍA SER SOLO PRÁCTICO, SINO TAMBIÉN INTERESANTE Y AGRADABLE PARA LOS LECTORES. | ||
| 650 | 1 | 4 |
_aRECURSOS HUMANOS _xRELACIONES LABORALES |
| 700 | 1 |
_aLEMUNS BASURTO, YOLANDA _etr. |
|
| 740 | _aTHE HUMAN SIDE OF ORGANIZATIONS | ||
| 999 |
_c39137 _d39137 |
||